|
|
|
|
| LEADER |
01310nam a2200325 a 4500 |
| 001 |
17673 |
| 003 |
BD-DhAAL |
| 005 |
20140507120126.0 |
| 008 |
140507s1990 maua b 001 0 eng d |
| 010 |
|
|
|a 89043513
|
| 020 |
|
|
|a 0877734852 (alk. paper)
|
| 040 |
|
|
|a DLC
|c DLC
|d DLC
|d BD-DhAAL
|
| 041 |
|
|
|a eng
|
| 050 |
0 |
0 |
|a HQ1206
|b .M85 1990
|
| 082 |
0 |
0 |
|a 305.42
|2 20
|
| 100 |
1 |
|
|a Murdock, Maureen.
|9 4423
|
| 245 |
1 |
4 |
|a The heroine's journey /
|c Maureen Murdock.
|
| 250 |
|
|
|a 1st ed.
|
| 260 |
|
|
|a Boston, Mass. :
|b Shambhala ;
|a [New York, N.Y.] :
|b Distributed in the U.S. by Random House,
|c c1990.
|
| 300 |
|
|
|a xii, 213 p. :
|b ill. ;
|c 22 cm.
|
| 504 |
|
|
|a Includes bibliographical references (p. [197]-201) and index.
|
| 541 |
|
|
|e 17673
|
| 650 |
|
0 |
|a Women
|x Psychology.
|9 482
|
| 650 |
|
0 |
|a Femininity.
|9 3638
|
| 650 |
|
0 |
|a Sex role.
|9 4424
|
| 856 |
4 |
2 |
|3 Publisher description
|u http://www.loc.gov/catdir/description/random046/89043513.html
|
| 856 |
4 |
2 |
|3 Contributor biographical information
|u http://www.loc.gov/catdir/enhancements/fy0661/89043513-b.html
|
| 942 |
|
|
|2 ddc
|c BK
|
| 999 |
|
|
|c 14325
|d 14325
|
| 952 |
|
|
|0 0
|1 0
|2 ddc
|4 0
|6 305_420000000000000_MUR
|7 0
|9 24290
|a BRACUL
|b BRACUL
|c GEN
|d 2014-05-07
|l 0
|o 305.42 MUR
|p 3010017673
|r 2014-05-07
|t 1
|w 2014-05-07
|y BK
|x Transferred from ENH to Ayesha Abed library on 20/12/2023
|